Pays aléatoires par subdivisions - Statistiques

Statistiques générales
  • Ce quiz a été pris 1 921 fois
  • Le résultat moyen est 9 sur 16
Statistiques - réponses
Subdivisions Pays % Correct
Bretagne, Occitanie France
95%
Pays de Galles, Écosse Royaume-Uni
95%
Bavière, Saxe Allemagne
93%
Flandre, Wallonie Belgique
93%
Fujaïrah, Dubaï Émirats arabes unis
91%
Toscane, Ligurie Italie
91%
Uusimaa, Laponie Finlande
90%
Jardin exotique, Monte-Carlo Monaco
90%
Haut-Katanga, Kongo-Central R.D. Congo
90%
Delaware, Idaho États-Unis
89%
Limassol, Nicosie Chypre
87%
Niger, Kano Nigeria
85%
Jura, Schwyz Suisse
85%
Donetsk, Kharkiv Ukraine
85%
Montagnes, Abidjan Côte d'Ivoire
83%
Fukuoka, Kanagawa Japon
83%
Médine, Al Qasim Arabie Saoudite
82%
Assouan, Suez Égypte
82%
Irkoutsk, Rostov Russie
82%
Haïfa, Judée et Samarie Israël
81%
Queensland, Victoria Australie
80%
Cork, Galway Irlande
80%
Nil Bleu, Darfour du Sud Soudan
80%
Aragon, Cantabrie Espagne
79%
İzmir, Antalya Turquie
79%
Salzbourg, Tyrol Autriche
78%
Gujarat, Andhra Pradesh Inde
78%
Mwanza, Kilimandjaro Tanzanie
77%
Tunapuna-Piarco, Tobago Trinité-et-Tobago
76%
Gandja, Bakou Azerbaïdjan
75%
Constantine, Oran Algérie
74%
Nordland, Troms og Finnmark Norvège
73%
Busan, Incheon Corée du Sud
72%
Västra Götaland, Uppsala Suède
72%
Córdoba, Terre de Feu Argentine
71%
Souss-Massa, Fès-Meknès Maroc
71%
Thanh Hóa, Hải Dương Viêt Nam
70%
Gao, Tombouctou Mali
69%
Nakhon Ratchasima, Phuket Thaïlande
69%
Sjælland, Jutland central Danemark
68%
Homs, Alep Syrie
68%
Tataouine, Sfax Tunisie
68%
Papouasie, Sulawesi central Indonésie
67%
Cuzco, Loreto Pérou
67%
Istrie, Split-Dalmatie Croatie
66%
Höfuðborgarsvæðið, Vestfirðir Islande
65%
Pendjab, Baloutchistan Pakistan
65%
Henan, Sichuan Chine
64%
Oaxaca, Zacatecas Mexique
64%
Faro, Setúbal Portugal
64%
Saskatchewan, Manitoba Canada
61%
Guayas, Galápagos Équateur
61%
Bahia, Mato Grosso Brésil
59%
Iméréthie, Abkhazie Géorgie
58%
Attique, Épire Grèce
58%
Camagüey, Guantanamo Cuba
56%
Zélande, Frise Pays-Bas
55%
Moxico, Luanda Angola
54%
Atacama, Valparaiso Chili
53%
Somali, Tigré Éthiopie
53%
Cluj, Timiș Roumanie
53%
KwaZulu-Natal, Cap-Nord Afrique du Sud
50%
Turkestan, Almaty Kazakhstan
50%
Alto Paraná, Paraguarí Paraguay
50%
Pilsen, Moravie-Silésie République tchèque
49%
Elbasan, Tiranë Albanie
48%
Diekirch, Esch-sur-Alzette Luxembourg
48%
Socotra, Aden Yémen
47%
Chittagong, Râjshâhî Bangladesh
46%
Bujumbura Rural, Gitega Burundi
44%
Azerbaïdjan oriental, Qom Iran
44%
Davao, Luçon centrale Philippines
44%
Kaunas, Klaipėda Lituanie
43%
Ryanggang, Kangwŏn Corée du Nord
38%
Syrte, Benghazi Libye
38%
Homiel, Brest Biélorussie
37%
Kiambu, Mombasa Kenya
37%
Poméranie, Mazovie Pologne
37%
Nišava, Zlatibor Serbie
37%
Pest, Nógrád Hongrie
35%
Nikšić, Kotor Monténégro
34%
Sarawak, Pahang Malaisie
33%
Herat, Kandahar Afghanistan
29%
Ayeyarwady, Yangon Birmanie
27%
Sükhbaatar, Bayankhongor Mongolie
26%
Antioquia, Valle del Cauca Colombie
25%
Nouvelle-Irlande, Bougainville Papouasie-Nouvelle-Guinée
25%
Zambezie, Nampula Mozambique
24%
Sahel, Boucle du Mouhoun Burkina Faso
23%
Bâbil, Ninive Irak
23%
Ararat, Shirak Arménie
22%
Serravalle, Borgo Maggiore Saint-Marin
22%
Atsimo-Andrefana, Analamanga Madagascar
21%
Artibonite, Grand'Anse Haïti
19%
Cuvette, Pointe-Noire République du Congo
17%
Darién, Chiriquí Panama
15%
Thiès, Diourbel Sénégal
11%
Canillo, La Massana Andorre
8%
Province n°1, Bagmati Népal
8%
Zulia, Miranda Venezuela
7%
Aucun quiz correspondant
Distribution des résultats
% des personnes avec chaque résultat
Percentile par nombre de réponses
Votre historique - résultats
Vous n’avez pas pris ce quiz